Un Importante ciclo de conferencias sobre la nueva Ley de Regimen Local
Colección:
San Jorge,
; núm. 3 (juliol 1951), pàg. 31-36
Materias:
Espanya. -- Ley de 17 de julio de 1945, de Bases de Régimen Local
; Espanya -- Ley de 17 de julio de 1945, de Bases de Régimen Local -- Congressos
Idioma:
Español
MARC
| LEADER | 00000naa a2200000 a 4500 | ||
|---|---|---|---|
| 008 | 160829s1951 spcaxx s spa c | ||
| 040 | |a agdb | ||
| 245 | 0 | 3 | |a Un Importante ciclo de conferencias sobre la nueva Ley de Regimen Local |
| 490 | |a San Jorge, |v núm. 3 (juliol 1951), pàg. 31-36 | ||
| 610 | 1 | 0 | |a Espanya. |t Ley de 17 de julio de 1945, de Bases de Régimen Local |9 54550 |
| 610 | 1 | 0 | |a Espanya |t Ley de 17 de julio de 1945, de Bases de Régimen Local |v Congressos |9 54573 |
| 773 | |t San Jorge. |g Núm. 3 (juliol 1951), pàg. 31-36 | ||
| 901 | |a Arxiu | ||
| 942 | |n 1 |2 udc |c ART | ||
| 952 | |0 0 |1 0 |4 0 |7 1 |9 64692 |a Arxiu |b Arxiu |d 2022-12-12 |o Rev-508 |r 2022-12-12 00:00:00 |w 2022-12-12 |y ARXIU | ||
| 999 | |c 44886 |d 44886 | ||